Central Library and Information Centre
Sibsagar Girls' College, Sivasagar : Assam

ASOMIYA KABITAR CHANDA (Record no. 329)

MARC details
000 -LEADER
fixed length control field 00370cam a2200169ua 4500
008 - FIXED-LENGTH DATA ELEMENTS--GENERAL INFORMATION
fixed length control field 161221n II |||gr||||Z||||||asm
040 ## - CATALOGING SOURCE
Original cataloging agency MAIN
041 ## - LANGUAGE CODE
-- English
082 ## - DEWEY DECIMAL CLASSIFICATION NUMBER
Classification number 891.491 BOR
100 ## - MAIN ENTRY--PERSONAL NAME
Personal name BORA , MAHENDRA.
245 ## - TITLE STATEMENT
Title ASOMIYA KABITAR CHANDA
260 ## - PUBLICATION, DISTRIBUTION, ETC.
Place of publication, distribution, etc. [s.l]:
Name of publisher, distributor, etc. XXX
300 ## - PHYSICAL DESCRIPTION
Extent 000.:
Dimensions 20CM.
942 ## - ADDED ENTRY ELEMENTS (KOHA)
Koha item type Books
653 ## - INDEX TERM--UNCONTROLLED
Uncontrolled term Asomiya Kabita
Holdings
Withdrawn status Lost status Damaged status Not for loan Collection code Home library Current library Shelving location Date acquired Full call number Barcode Date last seen Copy number Price effective from Koha item type Public note
        REFASM Central Library and Information Centre Sibsagar Girls College Central Library and Information Centre Sibsagar Girls College ASSAMESE REFERENCE RACK 19.04.1967 891.491 BOR 00393 27.02.2020 1 27.02.2020 Books V


Sibsagar Girl's College © 2020. All rights reserved.
Powered by Koha.
Maintained by Abhijit Borpuzari.